[Event "BI-2011-F-00015"]
[Site "LSS email"]
[Date "2012.02.12"]
[Round "?"]
[White "Zukan, Jakob"]
[Black "Stadler, Pavel"]
[Result "1/2-1/2"]
[WhiteElo "1585"]
[BlackElo "1439"]
[PlyCount "80"]
[EventDate "2012.02.15"]
[EventType "tourn (corr)"]
[EventRounds "10"]
[EventCountry "GER"]
[SourceTitle "Telechess CBM 159"]
[Source "ChessBase"]
[SourceDate "2014.03.17"]
[SourceVersion "1"]
[SourceVersionDate "2014.03.17"]
[SourceQuality "1"]

1. d4 d5 2. c4 e6 3. Nf3 Nf6 4. Nc3 c6 5. e3 Nbd7 6. Bd3 Bd6 7. 0-0 0-0 8. Qc2 dxc4 9. Bxc4 b5 10. Bd3 Bb7 11. Ng5 Bxh2+ 12. Kxh2 Ng4+ 13. Kg1 Qxg5 14. f3 Ngf6 15. e4 Qh4 16. Be3 e5 17. Ne2 Rfd8 18. a4 a6 19. Rfd1 Nh5 20. d5 cxd5 21. axb5 axb5 22. Rxa8 Bxa8 23. exd5 Nhf6 24. Bxb5 Nxd5 25. Bf2 Qg5 26. Qd2 Qxd2 27. Rxd2 N7f6 28. Bg3 e4 29. Nc3 exf3 30. gxf3 h5 31. Kf2 Rc8 32. Nxd5 Bxd5 33. b4 Bc4 34. Ba4 g5 35. Be5 Nd5 36. Bd7 Ra8 37. b5 Ra2 38. Rxa2 Bxa2 39. Bd4 Kh7 40. b6 Nxb6 1/2-1/2

[Event "OP-2012-0-02026"]
[Site "LSS email"]
[Date "2012.01.26"]
[Round "?"]
[White "Zukan, Jakob"]
[Black "Bester, Kazimierz"]
[Result "1-0"]
[WhiteElo "1362"]
[BlackElo "769"]
[PlyCount "39"]
[EventDate "2012.01.23"]
[EventType "tourn (corr)"]
[EventRounds "4"]
[EventCountry "GER"]
[SourceTitle "Telechess CBM 157"]
[Source "ChessBase"]
[SourceDate "2013.11.12"]
[SourceVersion "1"]
[SourceVersionDate "2013.11.12"]
[SourceQuality "1"]

1. d4 f5 2. g3 Nf6 3. Bg2 d6 4. Nf3 Ne4 5. Nc3 d5 6. Ne5 e6 7. Nxe4 fxe4 8. e3 Qf6 9. 0-0 Bd6 10. f3 Bxe5 11. fxe4 Qd8 12. Qh5+ g6 13. Qxe5 Rg8 14. exd5 Qe7 15. dxe6 c6 16. Bh3 Na6 17. Rf7 Qb4 18. Bd2 Qxd2 19. Raf1 Qxc2 20. Qd6 1-0

[Event "CP-2011-P-00034"]
[Site "LSS email"]
[Date "2011.09.30"]
[Round "?"]
[White "Ghyssens, Dirk"]
[Black "Zukan, Jakob"]
[Result "1/2-1/2"]
[WhiteElo "2257"]
[BlackElo "1514"]
[PlyCount "89"]
[EventDate "2011.10.01"]
[EventType "tourn (corr)"]
[EventRounds "6"]
[EventCountry "GER"]
[SourceTitle "Telechess CBM 165"]
[Source "ChessBase"]
[SourceDate "2015.03.11"]
[SourceVersion "1"]
[SourceVersionDate "2015.03.11"]
[SourceQuality "1"]

1. e4 c5 2. c3 Nc6 3. Bc4 Nf6 4. d3 e6 5. Qe2 d5 6. exd5 Nxd5 7. Nf3 Be7 8. 0-0 0-0 9. a4 Bd7 10. Nbd2 Qc7 11. Ba2 Nf4 12. Qe3 h6 13. Nc4 Nd5 14. Qe4 a6 15. Re1 Bf6 16. a5 Nxa5 17. Nxa5 Qxa5 18. Qg4 Qc7 19. Bxh6 Rad8 20. h4 Rfe8 21. h5 e5 22. Qg3 e4 23. Bxd5 Qxg3 24. fxg3 gxh6 25. dxe4 Bc8 26. Rf1 Kg7 27. Rf2 b5 28. Nh4 Rd6 29. Nf5+ Bxf5 30. Rxf5 Re5 31. g4 Rxf5 32. gxf5 b4 33. cxb4 Bxb2 34. Ra4 cxb4 35. Rxb4 Rb6 36. Ra4 Bc3 37. Kf2 a5 38. Ke3 Rb4 39. Ra3 Bd4+ 40. Kf4 a4 41. Bc6 Bb2 42. Rxa4 Rxa4 43. Bxa4 f6 44. Bc6 Be5+ 45. Ke3 1/2-1/2